000 00244nam a22001097a 4500
008 160523b xxu||||| |||| 00| 0 eng d
020 _a0838403387
041 _aeng
080 _a003.2
245 _aThe Writer's:
_cCheryl Gleen;
942 _2udc
_cBK
999 _c2390
_d2390